Most streamed songs : Djo - Statistics

General Stats
  • This quiz has been taken 35 times
  • The average score is 6 of 10
Answer Stats
Streams Song % Correct
1 873 500 000 End of Beginning
100%
46 000 000 Basic Being Basic
93%
154 500 000 Chateau (Feel Alright)
89%
110 500 000 Roddy
70%
32 000 000 Delete Ya
59%
37 000 000 Change
48%
30 000 000 Gloom
44%
29 000 000 Personal Lies
41%
22 000 000 Mortal Projections
22%
21 000 000 Figure You Out
19%
No matching quizzes found
Score Distribution
Percent of People with Each Score
Percentile by Number Answered
Your Score History
You have not taken this quiz